02177aam a2200601 a 4500001001400000005001700014008004100031020002700072020001500099035001300114040003400127041001300161044001100174072005600185080002200241080001700263080001800280080001800298080002200316080001900338080001800357240004400375245028200419250001200701260004100713300002400754500003300778650003600811650003000847650002900877650002300906650003900929650002600968650003100994650002501025650002101050650002701071655003901098655004901137655003501186655002801221700004401249700003501293700003401328700003301362700003301395700003101428700002801459700002201487700002701509700002701536850001201563vtls00156030020211109091811.0171201e2004 xo o 00100 slo c a9788071811275q(viaz.) a8071811270 aVTK41644 aVTHKbslocVTHKdSVKBBeAACR21 asloheng axocSK 7a797xVodné športy. Letecké športy2konspekt a592/599(26)22001 a551.3522001 a582(26)22001 a797.21522001 a913:797.21522001 a(084.12)22001 a(0.062)2200110aBest Dive Sites of the WorldlSlovensky10aPodmorské divy svetabnajlepšie miesta na potápaniecEditor: Egidio Trainito ; text a fotografie: Kurt Amsler ... [et al. ; z anglického originálu preložili Václav Hruška, Ján Ripka, Soňa Ripková ; zostavil Egidio Trainito ; ilustrácie Dimitilla Muller] a1. vyd. aPrahabOttovo nakladatelstvíc2004 a299 s.breg.c30 cm aPreložené z angličtiny07amorské živočíchy2SNKPH07amorské sedimenty2SNKPH07amorské rastliny2SNKPH07apotápanie2SNKPH07apotápačské lokality2SVKBBPH07aSea animals2SNKPHeng07aMarine sediments2SNKPHeng07aSea plants2SNKPHeng07aDiving2SNKPHeng07aDive sites2SVKBBPHeng 7afotografické publikácie2SNKPH 7apopulárno-náučné publikácie2SNKPH 7aPhotographical works2SNKPHeng 7aPopular works2SNKPHeng1 aTrainito, Egidio,d1947-4aut4com4pht1 aAmsler, Kurt,d1946-4aut4pht1 aDe Sabata, Eleonora4aut4pht1 aMesturini, Giorgio4aut4pht1 aPaolillo, Vincenzo4aut4pht1 aRinaldi, Roberto4aut4pht1 aHruška, Václav4trl1 aRipka, Ján4trl1 aRipková, Soňa4trl1 aMuller, Dimitilla4ill bKIS3GMM